000
00310nam a2200109Ia 4500
001
588979
005
20250717120840.0
008
250717s9999 xx 000 0 und d
245
0
_a
U-9 SELAHADDİN KUDÜS MUHAFIZI OLMA YOLUNDA
_c
RABİA KARZAN
260
_b
TÜRKİYE DİYANET VAKFI YAYINLARI
_c
2020
300
_b
43
999
_c
588979
_d
588979